Movie Dragons Quiz Stats

 Plays Quiz Updated Dec 14, 2014

Also try: That's a Dragon!
Challenge
Share
Tweet
Score 0/18 Timer 05:00
4 Plays Today
% Correct
How To Train Your Dragon
86%
Mulan
85.9%
Shrek
85.7%
Sleeping Beauty
73.5%
The Neverending Story
73.1%
The Hobbit: Desolation of Smaug
68%
Harry Potter and the Sorcerer's Stone
61.9%
Avatar
60.2%
Eragon
59%
% Correct
Pete's Dragon
56%
Spirited Away
33.3%
Dragonheart
32.6%
Reign of Fire
22.4%
Enchanted
16.5%
Dungeons and Dragons
13.5%
Quest for Camelot
12.7%
Evolution
11%
The Sorcerer's Apprentice
8.9%

You're not logged in!

Compare scores with friends on all Sporcle quizzes.
OR
Log In

You Might Also Like...

Show Comments

Extras

Top Quizzes Today


Score Distribution

Your Account Isn't Verified!

In order to create a playlist on Sporcle, you need to verify the email address you used during registration. Go to your Sporcle Settings to finish the process.

Report this User

Report this user for behavior that violates our Community Guidelines.

Details: